000
00340 a2200157 4500
001
167189
020
_a
040
_c
Magnum
100
_a
Favero, Leonor Lopes
240
1
0
_a
Linguistica textual: introducao
_l
por
245
1
0
_a
Linguistica textual: introducao
362
0
_a
1899
440
1
_a
Cortez
697
_a
GERAL
942
_c
BK
999
_c
167189
_d
167189